A Textbook Of Botany (Record no. 3588)

MARC details
000 -LEADER
fixed length control field 00462nam a22001817a 4500
008 - FIXED-LENGTH DATA ELEMENTS--GENERAL INFORMATION
fixed length control field 250521b |||||||| |||| 00| 0 eng d
020 ## - INTERNATIONAL STANDARD BOOK NUMBER
ISBN 9788171339044
100 ## - MAIN ENTRY--AUTHOR
Author Singh V.
245 ## - TITLE STATEMENT
Title A Textbook Of Botany
250 ## - EDITION STATEMENT
Edition statement Fourth Edition
260 ## - PUBLICATION, DISTRIBUTION, ETC. (IMPRINT)
Place of publication New Delhi
Name of publisher Rakeshi Kumar Rastogi for Rastogi
Date of publication 2013
300 ## - COLLATION
Pagination xx,1093p.
Other physical details illustration;
650 ## - TRACINGS
Main Subject Botany
700 ## - ADDITIONAL AUTHOR
Additional Author Panoe P.C
700 ## - ADDITIONAL AUTHOR
Additional Author Jain D.K
942 ## - ADDED ENTRY ELEMENTS (KOHA)
Item type Books
050 ## - LIBRARY OF CONGRESS CALL NUMBER
Classification number QK47
Item number .S56 2013
Holdings
Source of classification or shelving scheme Not for loan Permanent location Current location Date acquired Accession No. Full call number Barcode. Koha item type
Library of Congress Classification   Samuel Ogbemudia Main Library, University of Abuja Samuel Ogbemudia Main Library, University of Abuja 05/21/2025 2024/64478 QK47.S56 2013 2025-2061 Books